| 000 | 00754 a2200217 4500 | ||
|---|---|---|---|
| 001 | 26576 | ||
| 005 | 20260407155545.0 | ||
| 008 | 260407a1999 arg spa d | ||
| 003 | AR-UNSa-BCEJYS | ||
| 040 |
_aAR-UNSa-BCEJYS _bspa _cAR-UNSa-BCEJYS |
||
| 080 |
_a347.7(094.4) _xCódigo de Comercio |
||
| 245 | 1 | 0 | _aCódigo de Comercio |
| 020 | _a950-572-450-0 | ||
| 264 | 1 |
_aBuenos Aires : _bVíctor P. de Zavalía _c1999 |
|
| 300 |
_a1594 p. _c20 cm. |
||
| 942 | _cBK | ||
| 590 | _aniveau_biblio:m niveau_hierar:0 | ||
| 100 | 1 | _aArgentina [Código de Comercio] | |
| 700 | 1 | _aZamora, Fernando Marcelo | |
| 856 | 4 | 1 |
_uhttps://biblioeco.unsa.edu.ar/pmb/images/libros/C?digo de Comercio Argentina (C?digo de Comercio) (1998).jpg _yImagen de portada _qimage/jpeg |
| 999 |
_c1476 _d1476 |
||